000
00243nam a22000977a 4500
041
_a
eng
080
_a
80
100
_a
Баранцев, К. Т.
245
_a
Курс лексикології сучасної англ. мови
999
_c
280516
_d
280516
942
_c
BK